| 000 | 00657nam a2200229Ia 4500 | ||
|---|---|---|---|
| 003 | OSt | ||
| 005 | 20221007075941.0 | ||
| 006 | a|||||r|||| 00| 0 | ||
| 007 | ta | ||
| 008 | 221006b |||||||| |||| 00| 0 eng d | ||
| 024 | _a9,383 | ||
| 037 | _cReference Collections | ||
| 040 |
_aFLL _cFLL _beng |
||
| 041 |
_2eng _aeng |
||
| 082 | _aZ,9597og(S:38), P0 | ||
| 100 |
_aDhanda Amita Au. _9692284 |
||
| 245 | 0 | _aLegal order and mental disorder | |
| 260 |
_aNew Delhi _bSagar publications India _c2000 |
||
| 300 |
_a354p _ccm. |
||
| 942 |
_hZ,9597og(S:38), P0 _cREF _2CC |
||
| 999 |
_c1157919 _d1157919 |
||